| 000 | 00768nam a22002417a 4500 | ||
|---|---|---|---|
| 999 |
_c14414 _d14414 |
||
| 008 | 190917b ||||| |||| 00| 0 eng d | ||
| 020 | _a9780730326724 | ||
| 082 |
_22017 _aDC 658.1511 _bM311 |
||
| 100 |
_aEldenburg, Leslie G. _939745 |
||
| 245 |
_aManagement accounting/ _cLeslie G. Eldenburg and 5 others |
||
| 250 | _a3rd ed. | ||
| 260 |
_aAustralia: _bWiley, _cc2017. |
||
| 300 |
_aiv, 754 pages: _bcol., ill. _c25 cm. |
||
| 650 |
_aCost accounting--Textbooks _939746 |
||
| 650 |
_aManagerial accounting -- Textbooks. _939747 |
||
| 650 |
_aAccounting. _939748 |
||
| 700 |
_aBrooks, Albie _939749 |
||
| 700 |
_aOliver, Judy _939750 |
||
| 700 |
_aVesty, Gillian _939751 |
||
| 700 |
_aDormer, Rodney _939752 |
||
| 700 |
_aMurthy, Vijaya _939753 |
||
| 942 |
_2ddc _cDC |
||